Logo

Description automatically generated
विद्यार्जन
 संसाधन केंद्र, भारतीय प्रौद्योगिकी संस्थान इन्दौर
Learning Resource Center, Indian Institute of Technology Indore

ऑनलाइन सार्वजनिक अभिगम प्रसूची
Online Public Access Catalogue (OPAC)

Unsafe thinking : how to be nimble and bold when you need it most (Record no. 57340)

MARC details
000 -LEADER
fixed length control field 00623nam a2200217Ia 4500
005 - DATE AND TIME OF LATEST TRANSACTION
control field 20260704175957.0
008 - FIXED-LENGTH DATA ELEMENTS--GENERAL INFORMATION
fixed length control field 260704s9999||||xx |||||||||||||| ||und||
020 ## - INTERNATIONAL STANDARD BOOK NUMBER
International Standard Book Number 9781847942104
Qualifying information pbk
082 ## - DEWEY DECIMAL CLASSIFICATION NUMBER
Classification number 153.42
Item number SAC
100 ## - MAIN ENTRY--PERSONAL NAME
Personal name Sachs, Jonah
245 #0 - TITLE STATEMENT
Title Unsafe thinking : how to be nimble and bold when you need it most
260 ## - PUBLICATION, DISTRIBUTION, ETC.
Place of publication, distribution, etc. London
Name of publisher, distributor, etc. Random House Business Books
Date of publication, distribution, etc. 2018
300 ## - PHYSICAL DESCRIPTION
Extent xxv, 223p. ; 23cm.
653 ## - INDEX TERM--UNCONTROLLED
Uncontrolled term Creative thinking
653 ## - INDEX TERM--UNCONTROLLED
Uncontrolled term Decision making
653 ## - INDEX TERM--UNCONTROLLED
Uncontrolled term Decision making
653 ## - INDEX TERM--UNCONTROLLED
Uncontrolled term Innovation
653 ## - INDEX TERM--UNCONTROLLED
Uncontrolled term Organizational change
653 ## - INDEX TERM--UNCONTROLLED
Uncontrolled term Success in business
942 ## - ADDED ENTRY ELEMENTS (KOHA)
Koha item type Book
Holdings
Withdrawn status Lost status Damaged status Not for loan Home library Current library Shelving location Date acquired Source of acquisition Total Checkouts Full call number Barcode Date last seen Price effective from Koha item type
        LRC, IIT Indore LRC, IIT Indore 3rd Floor - General Stack 04/07/2026 Gratis Book Price: INR 699.00   153.42 SAC G2565 04/07/2026 04/07/2026 Book
Copyright © 2017-2026 Indian Institute of Technology Indore. All Rights Reserved.
Managed & maintained by Learning Resource Center, IIT Indore